000 00620nab a2200229 a 4500
001 71456
003 145527
005 20201118110933.0
008 ||||||n9999 ||| || ||
041 _aspa
100 _aBernal Dionis, Javier
245 0 _aLa publicidad frente a las nuevas reglas del mercado :
_bpp.73-82
260 _aEspaña :
_bAlta Direccion,
_c1992.
562 _e0
650 _aANÁLISIS DE IMPACTO
650 _aESTRATEGIA COMERCIAL
650 _aMARKETING
650 _aPUBLICIDAD
650 _aSISTEMA DE MERCADOS
773 _039726
_aAlta Dirección - Vol.27 No.161
942 _cSART
999 _c71456
_d71456